Personnages de Genshin Impact par Images - Statistiques

Statistiques générales
  • Ce quiz a été pris 177 fois
  • Le résultat moyen est 89 sur 106
Statistiques - réponses
Par images Réponse % Correct
Sucrose
99%
Fischl
98%
Klee
97%
Rosalia
97%
Thomas
97%
Arlecchino
96%
Furina
96%
Itto
96%
Nahida
96%
Venti
96%
Yae Miko
95%
Bennett
94%
Lisa
94%
Barbara
93%
Citlali
93%
Kokomi
93%
Lyney
93%
Amber
92%
Candace
92%
Dehya
92%
Diluc
92%
Jean
92%
Qiqi
91%
Shogun Raiden
91%
Yanfei
91%
Razor
90%
Sethos
90%
Xiangling
90%
Zhongli
90%
Diona
89%
Kazuha
89%
Faruzan
88%
Kaeya
88%
Lynette
88%
Mona
88%
Noelle
88%
Voyageur
88%
Kirara
87%
Lauma
87%
Nomade/Scaramouche
87%
Tartaglia
87%
Beidou
86%
Charlotte
86%
Hu Tao
86%
Ayaka
85%
Flins
85%
Gorou
85%
Nefer
85%
Nilou
85%
Skirk
85%
Dori
84%
Escoffier
84%
Xiao
84%
Xilonen
84%
Albedo
83%
Eula
83%
Gaming
83%
Ganyu
83%
Ineffa
83%
Neuvillette
83%
Tighnari
83%
Varesa
83%
Chasca
82%
Mavuika
82%
Navia
82%
Yaoyao
82%
Yelan
82%
Chevreuse
81%
Kujou Sara
81%
Kuki Shinobu
81%
Layla
81%
Mizuki
81%
Mualani
81%
Dahlia
80%
Mika
80%
Alhaitham
79%
Ayato
79%
Clorinde
79%
Emilie
79%
Ororon
79%
Shenhe
79%
Yoimiya
79%
Chiori
78%
Collei
78%
Cyno
78%
Durin
78%
Iansan
78%
Kaveh
78%
Ningguang
78%
Wriothesley
78%
Aino
77%
Freminet
77%
Heizou
76%
Ifa
76%
Kachina
76%
Kinich
76%
Chongyun
75%
Jahoda
75%
Xianyun
75%
Yun Jin
75%
Sayu
73%
Lan Yan
71%
Baizhu
70%
Xinyan
70%
Xingqiu
69%
Sigewinne
64%
Aucun quiz correspondant
Distribution des résultats
% des personnes avec chaque résultat
Percentile par nombre de réponses
Votre historique - résultats
Vous n’avez pas pris ce quiz